01903nam a22002177a 4500008004100000020001600041110004700057245019900104260000900303300001500312505062600327518001500953700003700968700002601005774002501031856012701056856011601183856012301299856012601422856013701548230328s2022 ag ||||| |||| 00| 0 spa d a101/22bINT aTribunal Superior de Justicia - Sala Penal11a"ESPINOZA, JOSE LUIS – DÍAZ, MIGUEL ANGEL – CULLIQUEO, JOSÉ ADRIAN – DÍAZ, WALTER – CAMPOS, LAUTARO S/ HOMICIDIO TRIPLEMENTE AGRAVADO" /cTribunal Superior de Justicia - Sala Penal c2022 a21 p.bpdf1 aSE RESUELVE: I.- DECLARAR LA INADMISIBILIDAD del recurso extraordinario federal deducido por el Señor Fiscal General Dr. José Ignacio Gerez (art. 3°, incisos “d” y “e”, de la Acordada n° 4/07 de la CSJN). II.- DECLARAR LA INADMISIBILIDAD del recurso extraordinario federal articulado por el señor Defensor Particular Dr. Gustavo Palmieri, a favor del imputado Elio Mauricio Díaz (arts. 1° y 3°, incisos “d” y “e”, de la Acordada n° 4/07 de la CSJN). III.- Regístrese, notifíquese y oportunamente, remítanse las actuaciones a la oficina Judicial de la circunscripción que corresponda.  a13/12/20221 aElosu Larumbe, Alfredo Alejandro1 aGennari Maria Soledad aLEG MPFCU 37997/2020 uhttp://jurispenal.jusneuquen.gov.ar/cgi-bin/koha/opac-retrieve-file.pl?id=558fcf735efb5718b6ed37ccb4d81583yTexto completo uhttp://jurispenal.jusneuquen.gov.ar/cgi-bin/koha/opac-detail.pl?biblionumber=673ySentencia de Responsabilidad  uhttp://jurispenal.jusneuquen.gov.ar/cgi-bin/koha/opac-detail.pl?biblionumber=674ySentencia de Imposición de la Pena uhttp://jurispenal.jusneuquen.gov.ar/cgi-bin/koha/opac-detail.pl?biblionumber=675ySentencia del Tribunal de Impugnación uhttp://jurispenal.jusneuquen.gov.ar/cgi-bin/koha/opac-detail.pl?biblionumber=735yInadmisibilidad de la Impugnación Extraordinaria